| 000 | 01277nam a2200217Ia 4500 | ||
|---|---|---|---|
| 003 | Ost | ||
| 005 | 20260507075643.0 | ||
| 008 | 260507s9999||||xx |||||||||||||| ||und|| | ||
| 040 | _cfsecg | ||
| 041 | _aara | ||
| 082 | _a523.1 | ||
| 100 |
_aبودي، حسن محمد _eمؤلف |
||
| 245 | 0 |
_aحقوق الغير في العقود المالية في الفقه الإسلامي والقانون الوضعي / _c حسن محمد بودي |
|
| 260 |
_aالإسكندرية: _bالدار الجامعة الجديدة للنشر, _c2004 |
||
| 300 |
_a329 صفحة؛ _bإيضاحات ؛ _c24 سم |
||
| 520 | _aالغير وتعلق حقوقه بالعقد المالي- مفهوم الغير- العقد المالي وحقوق الغير فيه- الحقوق العينية للغير في العقد المالي- الحقوق العينية التامة- حق المالك في التعاقد الفضولي- حق المالك في استحقاق العقد المالي المترتب على ملكه بتعدي- الحقوق العينية غير التامة- الحقوق الشخصية المتعلقة بمحل العقد | ||
| 653 | _aالإقتصاد الإسلامي | ||
| 653 | _aالعقود | ||
| 653 | _aالعقود المالية | ||
| 942 | _cكتاب | ||
| 999 |
_c45443 _d45443 |
||